|
|
|
|
| LEADER |
00000ny a22000003n 4500 |
| 005 |
20110511151259.0 |
| 007 |
t| |
| 008 |
780209c1977 okubr p 0 a0eng c |
| 010 |
|
|
|a 80644048
|z sn 79002045
|
| 022 |
0 |
|
|a 0190-4914
|
| 035 |
|
|
|a 3109
|
| 040 |
|
|
|a NST
|d vLex
|
| 082 |
|
|
|a 650.05
|
| 090 |
|
|
|c 1715
|d 1715
|
| 245 |
3 |
4 |
|a The Business owner
|h [Recurso electrn̤ico]
|
| 246 |
3 |
3 |
|a Business owner, The (Hicksville, N.Y.)
|
| 256 |
|
|
|a Servicio en ln̕ea
|
| 260 |
|
|
|a [Hicksville, N.Y., etc.]:
|b [Thomar Publications, etc.]
|
| 310 |
|
|
|a Quincenal
|
| 321 |
|
|
|a Mensual,
|b Feb. 1979-1991
|
| 506 |
1 |
|
|a Contenido solo disponible en los productos indicados
|d vLex Global
|d vLex Global (Academic Edition, excluding Law Schools)
|d vLex Global (Academic Edition, Law Schools)
|
| 650 |
0 |
4 |
|a Negocios
|x Publicaciones perid̤icas
|
| 740 |
0 |
|
|a vLex Revista (Servicios en ln̕ea)
|
| 843 |
|
|
|a Electrn̤ica. Cerrada
|
| 853 |
|
|
|8 1
|i (year)
|j (month)
|k (day)
|
| 856 |
4 |
0 |
|z Acceso restringido
|u http://vlex.com/account/login_ip?fuente_id=3109
|
| 942 |
|
|
|c REV
|
| 999 |
|
0 |
|a Business
|v Periodicals.
|
| 999 |
|
0 |
|a Small business
|v Periodicals.
|